[Event "Titled Tuesday intern op 28th Jan Early"]
[Site "Chess.com INT"]
[Date "2025.01.28"]
[Round "3"]
[White "Casiguran, Phil Martin"]
[Black "Kubiczek, Michal"]
[Result "1-0"]
[WhiteElo "2116"]
[BlackElo "2097"]
[PlyCount "49"]
[EventDate "2025.01.28"]
[EventType "swiss (blitz)"]
[EventRounds "11"]
[EventCountry "USA"]
[SourceTitle "CB06_2025"]
[SourceDate "2025.02.05"]
[SourceVersion "1"]
[SourceVersionDate "2025.02.05"]
[SourceQuality "1"]

1. e4 c6 2. d4 d5 3. e5 c5 4. dxc5 e6 5. a3 Bxc5 6. Nf3 Nc6 7. Bd3 Nge7 8. b4 Bb6 9. Bb2 Ng6 10. 0-0 0-0 11. Qd2 a5 12. b5 Nce7 13. h4 Bd7 14. h5 Nh8 15. h6 g6 16. Nc3 Nf5 17. Na4 Ba7 18. Bxf5 gxf5 19. b6 Bxa4 20. bxa7 b6 21. Bd4 Rxa7 22. Bxb6 Qxb6 23. Qg5+ Ng6 24. Qf6 Qxf2+ 25. Rxf2 1-0

[Event "Titled Tuesday intern op 28th Jan Early"]
[Site "Chess.com INT"]
[Date "2025.01.28"]
[Round "10"]
[White "Kubiczek, Michal"]
[Black "Dudkina, Uliana"]
[Result "0-1"]
[WhiteElo "2097"]
[BlackElo "2005"]
[PlyCount "88"]
[EventDate "2025.01.28"]
[EventType "swiss (blitz)"]
[EventRounds "11"]
[EventCountry "USA"]
[SourceTitle "CB06_2025"]
[SourceDate "2025.02.05"]
[SourceVersion "1"]
[SourceVersionDate "2025.02.05"]
[SourceQuality "1"]

1. d4 d5 2. c4 e6 3. Nf3 Nf6 4. g3 Bb4+ 5. Bd2 Be7 6. Bg2 0-0 7. 0-0 c6 8. Bc3 Nbd7 9. Nbd2 b6 10. Qc2 Ba6 11. b3 c5 12. Rac1 Rc8 13. e4 dxe4 14. Nxe4 Bb7 15. Nxf6+ Nxf6 16. Rcd1 Qc7 17. dxc5 bxc5 18. Be5 Qb6 19. Qe2 Rfd8 20. Rxd8+ Rxd8 21. Rd1 h6 22. h4 Qa5 23. Rxd8+ Qxd8 24. Qd2 Qc8 25. Qc3 Ne4 26. Qe3 Bf6 27. Bxf6 Nxf6 28. Ne5 Bxg2 29. Kxg2 Qc7 30. Nd3 Nd7 31. Qf3 Qd6 32. Qa8+ Kh7 33. Qe4+ f5 34. Qe3 e5 35. Nc1 e4 36. Ne2 Ne5 37. Qf4 Qf6 38. Nc3 Nd3 39. Qd2 Qd4 40. Nd5 Qa1 41. f3 Ne1+ 42. Kf2 Nxf3 43. Qf4 Qg1+ 44. Ke2 Qe1# 0-1

[Event "Titled Tuesday intern op 07th Jan Early"]
[Site "Chess.com INT"]
[Date "2025.01.07"]
[Round "6"]
[White "Kubiczek, Michal"]
[Black "Omurbekova, Diana"]
[Result "1-0"]
[WhiteElo "2097"]
[BlackElo "1754"]
[PlyCount "99"]
[EventDate "2025.01.07"]
[EventType "swiss (blitz)"]
[EventRounds "11"]
[EventCountry "USA"]
[SourceTitle "CB03_2025"]
[SourceDate "2025.01.15"]
[SourceVersion "1"]
[SourceVersionDate "2025.01.15"]
[SourceQuality "1"]

1. d4 Nf6 2. c4 c5 3. d5 b5 4. cxb5 a6 5. bxa6 g6 6. Nc3 Bg7 7. e4 Qa5 8. Bd2 Bxa6 9. Bxa6 Qxa6 10. Qe2 0-0 11. Nf3 Qxe2+ 12. Kxe2 e6 13. Rhd1 exd5 14. exd5 d6 15. Kf1 Na6 16. a3 Nc7 17. Bf4 Rfd8 18. Ng5 Rab8 19. Rab1 Rb3 20. Nf3 Nh5 21. Bg5 Nf6 22. Nd2 Rb7 23. Nde4 Nce8 24. a4 h6 25. Bf4 g5 26. Bg3 Nxe4 27. Nxe4 Rxb2 28. Rxb2 Bxb2 29. Rb1 Bd4 30. Rb3 f5 31. Nd2 f4 32. Nc4 fxg3 33. hxg3 Nf6 34. Nb6 c4 35. Nxc4 Bc5 36. Rd3 Ne4 37. Ne3 Ra8 38. Nf5 Kh7 39. f3 Nf6 40. Rb3 g4 41. Rb7+ Kg6 42. Nh4+ Kh5 43. Rg7 Rxa4 44. f4 Ra1+ 45. Ke2 Ra2+ 46. Kd3 Nxd5 47. Rf7 Nb4+ 48. Kc4 Rc2+ 49. Kb3 Nd5 50. Rf5# 1-0

[Event "Stare Mesto op"]
[Site "Stare Mesto"]
[Date "2024.08.23"]
[Round "9"]
[White "Kapusta, Petr"]
[Black "Kubiczek, Michal"]
[Result "1-0"]
[WhiteElo "2077"]
[BlackElo "2202"]
[PlyCount "61"]
[EventDate "2024.08.16"]
[EventType "swiss"]
[EventRounds "10"]
[EventCountry "CZE"]
[SourceTitle "EXT 2025"]
[Source "ChessBase"]
[SourceDate "2024.10.14"]
[SourceVersion "1"]
[SourceVersionDate "2024.10.14"]
[SourceQuality "1"]

1. e4 e5 2. Nc3 Nf6 3. f4 d5 4. fxe5 Nxe4 5. Nf3 Be7 6. d3 Nxc3 7. bxc3 c5 8. d4 Nc6 9. Bd3 c4 10. Be2 0-0 11. 0-0 b5 12. a4 b4 13. cxb4 Bxb4 14. Bd2 c3 15. Bg5 Qb6 16. Bd3 Bg4 17. Kh1 h6 18. Bxh6 gxh6 19. Qc1 Ne7 20. Qf4 Qe6 21. Ng5 Ng6 22. Nxe6 Nxf4 23. Nxf4 Be6 24. Nh5 Be7 25. Nf6+ Kg7 26. Rf3 Rab8 27. Bb5 Rb6 28. Raf1 a6 29. Rg3+ Kh8 30. Rf4 Bc8 31. Rh4 1-0

[Event "Stare Mesto op"]
[Site "Stare Mesto"]
[Date "2024.08.18"]
[Round "4"]
[White "Kubiczek, Michal"]
[Black "Vrana, Frantisek"]
[Result "1/2-1/2"]
[WhiteElo "2202"]
[BlackElo "2126"]
[PlyCount "53"]
[EventDate "2024.08.16"]
[EventType "swiss"]
[EventRounds "10"]
[EventCountry "CZE"]
[SourceTitle "EXT 2025"]
[Source "ChessBase"]
[SourceDate "2024.10.14"]
[SourceVersion "1"]
[SourceVersionDate "2024.10.14"]
[SourceQuality "1"]

1. d4 Nf6 2. c4 d6 3. Nf3 Nbd7 4. Nc3 e5 5. e4 Be7 6. Be2 0-0 7. 0-0 c6 8. h3 Re8 9. Be3 Qc7 10. d5 h6 11. Ne1 Nh7 12. Bg4 Bg5 13. Bxg5 hxg5 14. Nd3 c5 15. Nb5 Qb8 16. Qc2 a6 17. Nc3 b5 18. b3 b4 19. Ne2 Ndf8 20. a3 a5 21. axb4 axb4 22. Bxc8 Qxc8 23. Rxa8 Qxa8 24. Qb2 Re7 25. Ra1 Ra7 26. Rxa7 Qxa7 27. Ndc1 1/2-1/2

[Event "Stare Mesto op"]
[Site "Stare Mesto"]
[Date "2024.08.16"]
[Round "1"]
[White "Kubiczek, Michal"]
[Black "Cermak, Dusan"]
[Result "1-0"]
[WhiteElo "2202"]
[BlackElo "1778"]
[PlyCount "75"]
[EventDate "2024.08.16"]
[EventType "swiss"]
[EventRounds "10"]
[EventCountry "CZE"]
[SourceTitle "EXT 2025"]
[Source "ChessBase"]
[SourceDate "2024.10.14"]
[SourceVersion "1"]
[SourceVersionDate "2024.10.14"]
[SourceQuality "1"]

1. d4 d5 2. c4 Nc6 3. Nc3 Nf6 4. Nf3 dxc4 5. d5 Na5 6. e4 e6 7. Bg5 Be7 8. Qa4+ c6 9. d6 Bxd6 10. e5 b5 11. Qc2 Bxe5 12. Nxe5 h6 13. Rd1 Qe7 14. Bxf6 Qxf6 15. Nf3 0-0 16. Be2 e5 17. Ne4 Qe7 18. Nd6 Nb7 19. Nxc8 Raxc8 20. 0-0 Nc5 21. b3 cxb3 22. axb3 a6 23. Rfe1 e4 24. Nd4 f5 25. f3 Rf6 26. b4 Na4 27. Qb3+ Kh8 28. fxe4 fxe4 29. Bg4 Rc7 30. Nf5 Qe5 31. Rd8+ Kh7 32. Nh4 Rcf7 33. Qc2 Qf4 34. Bf3 Qxh4 35. Rxe4 Qg5 36. Ree8+ Rf5 37. g4 Qg6 38. Rh8# 1-0

[Event "Zlin Region-chT 2324"]
[Site "Czech Republic"]
[Date "2024.01.07"]
[Round "5.2"]
[White "Kubiczek, Michal"]
[Black "Bobalik, Petr"]
[Result "1-0"]
[WhiteElo "2077"]
[BlackElo "1920"]
[PlyCount "55"]
[EventDate "2023.10.22"]
[EventType "team-tourn"]
[EventRounds "11"]
[EventCountry "CZE"]
[SourceTitle "EXT 2025"]
[Source "ChessBase"]
[SourceDate "2024.10.14"]
[SourceVersion "1"]
[SourceVersionDate "2024.10.14"]
[SourceQuality "1"]
[WhiteTeam "Zlin Malenovice"]
[BlackTeam "Valasske Mezirici"]
[WhiteTeamCountry "CZE"]
[BlackTeamCountry "CZE"]

1. d4 f5 2. Nc3 Nf6 3. Bg5 e6 4. e4 fxe4 5. Nxe4 Be7 6. Bxf6 Bxf6 7. Nf3 d5 8. Nxf6+ Qxf6 9. Bd3 c5 10. c3 Nc6 11. 0-0 0-0 12. Re1 c4 13. Bc2 Bd7 14. Qd2 h6 15. Re3 b5 16. Rae1 a5 17. Ne5 Nxe5 18. Rxe5 Qf4 19. R1e3 b4 20. Bb1 b3 21. a3 Qh4 22. Qe2 Qf4 23. g3 Qf7 24. f4 g6 25. Qg4 Kh7 26. h4 Kg7 27. Kg2 Qf6 28. Rxe6 1-0